00376 2200157 4500001002100000005001500021035002000036245003200056100001300088300002600101260003500127082000800162084001400170020002200184990001200206INLIS00000000000313620251022020102 a0010-10250000401 aPermintaan Hati /cVie Devh0 aVie Devh a300 hlm ;c13 x 19 cm aJakarta :bRumah Oranye,c2014 a813 a813 VIE p a978-602-1588-33-8 a0755924